| 000 | 01167pam a2200361 i 4500 | ||
|---|---|---|---|
| 999 |
_c1322 _d1322 |
||
| 001 | 018460368 | ||
| 003 | Uk | ||
| 005 | 20221228123026.0 | ||
| 008 | 170626s2017 enkab j b 001|0|eng d | ||
| 015 |
_aGBB7D7389 _2bnb |
||
| 016 | 7 |
_a018460368 _2Uk |
|
| 020 |
_a9781474749183 : _qhardback |
||
| 040 |
_aStDuBDS _beng _cStDuBDS _dUk _erda |
||
| 042 | _aukblcatcopy | ||
| 082 | 0 | 4 |
_a323 HUN _223 |
| 100 | 1 |
_aHunt, Jilly, _eauthor. |
|
| 245 | 1 | 0 |
_aHuman rights for all / _cby Jilly Hunt. |
| 264 | 1 |
_aLondon : _bRaintree, _c2017. |
|
| 300 |
_a48 pages : _billustrations (black and white, and colour), maps (colour) ; _c25 cm. |
||
| 336 |
_atext _2rdacontent |
||
| 336 |
_astill image _2rdacontent |
||
| 336 |
_acartographic image _2rdacontent |
||
| 337 |
_aunmediated _2rdamedia |
||
| 338 |
_avolume _2rdacarrier |
||
| 490 | 0 | _aBeyond the headlines! | |
| 490 | 0 | _aInfoSearch | |
| 500 | _a"Book band level: Dark blue"--Back cover. | ||
| 500 |
_aFormerly CIP. _5Uk |
||
| 504 | _aIncludes bibliographical references and index. | ||
| 650 | 0 |
_aHuman rights _xPress coverage _vJuvenile literature. |
|
| 650 | 0 |
_aHuman rights _vJuvenile literature. |
|
| 942 |
_2ddc _cNFIC |
||